00546nam a2200181Ia 4500003000400000005001700004008004100021040000700062041001200069082001600081100007100097245009800168260004600266300001500312365001100327563000700338650001900345OSt20251211123513.0210707s1983 xx 000 0 und d cAL aKannada aK894.1 SIDK aSIDDHAYYA PURANIKAdಸಿದ್ಧಯ್ಯ ಪುರಾಣಿಕ aKavyanandara ayda kavanagalu.bಕಾವ್ಯಾನಂದರ ಆಯ್ದ ಕವನಗಳು aBengalurubVishva Kannada Sammelanac1983 aviii,312 p b3cINR aPB aKannada Poetry